000 00824cam a2200277 i 4500
001 000004672
003 DO-SdBNP
005 20250226085925.0
007 ta
008 790125s1997 mx 000 p spa
020 _a9681903005
040 _aDO-SdBNP
_bspa
_cBNPHU
_erda
082 _axxx
_bG643b
_222
100 1 _aGonzález, José Luis,
_d1926-
_913619
_eautor
_4aut.
245 1 0 _aBalada de otro tiempo /
_cJosé Luis González.
260 _c1997.
264 4 _aMéxico :
_bAlfaguara,
_c©1997.
300 _a115 páginas
_c22 cm.
336 _atexto
_btxt
_2rdacontent
337 _asin mediación
_bn
_2rdamedia
338 _avolumen
_bnc
_2rdacarrier
500 _aIncluye datos biográficos del autor en la solapa de la cubierta.
590 _aInventariado, 2025/ YL
910 _aYLockward
942 _2ddc
_cLBS1
999 _c4478
_d4478